Modern Military Aircraft names (US) - Statistics

General Stats
  • This quiz has been taken 383 times
  • The average score is 19 of 39
Answer Stats
Hint Service Answer % Correct
F/A-18 Navy Hornet
96%
F-15 Air Force Strike Eagle
95%
F-22 Air Force Raptor
93%
F-16 Air Force Fighting Falcon
86%
F-35 Navy/ Air Force/ Marines Joint Strike Fighter/ Lightning II
86%
B-52 Air Force Stratofortress
84%
AH-64 Army Apache
83%
B-2 Air Force Spirit
81%
A-10 Air Force Thunderbolt
81%
B-1 Air Force Lancer
77%
CH-47 Army Chinook
75%
V-22 Air Force/ Marines Osprey
75%
UH-60 Army Blackhawk
72%
C-17 Air Force Globemaster III
67%
UH-1 Marines Huey
61%
AV-8B Marines Harrier II
60%
AH-1 Marines Cobra
55%
HC -144 Coast Guard Ocean Sentry
47%
KC-135 Air Force Stratotanker
47%
E-3 Air Force Sentry
46%
CH-53 Marines/ Navy Super Stallion
46%
E-2 Navy Hawkeye
45%
P-3 Navy Orion
39%
EA-6B Marines Prowler
39%
T-38 Air Force Talon
38%
KC-10 Air Force Extender
35%
T-6 Air Force/ Navy Texan
32%
CH-46 Navy/ Marines Sea Knight
31%
AC-130E Air Force Spectre
31%
OH-58 Army Kiowa
28%
C-27J Air Force/ Army/ Coast Guard Spartan
24%
AH-6 Army Little Bird
20%
HH-65 Coast Guard Dolphin
14%
UH-72 Army Lakota
14%
HH-60 Navy/ Coast Guard Jayhawk
10%
E-4 Air Force Nightwatch
8%
C-5 Air Force Galexy
6%
C-32 Air Force Boeing 757
2%
C-37 Navy/ Coast Guard/ Army/ Airforce Gulfstream V
2%
No matching quizzes found
Score Distribution
Percent of People with Each Score
Percentile by Number Answered
Your Score History
You have not taken this quiz